علی : (Record no. 109016)

MARC details
000 -LEADER
fixed length control field 00828nam a22002537a 4500
005 - DATE AND TIME OF LATEST TRANSACTION
control field 20170123162348.0
010 ## - LIBRARY OF CONGRESS CONTROL NUMBER
LC control number A-854099
020 ## - INTERNATIONAL STANDARD BOOK NUMBER
Terms of availability 110.00
035 ## - SYSTEM CONTROL NUMBER
System control number A-854099
037 ## - SOURCE OF ACQUISITION
Source of stock number/acquisition Cen Lib/Ret
040 ## - CATALOGING SOURCE
Original cataloging agency DPL
Language of cataloging UR
082 ## - DEWEY DECIMAL CLASSIFICATION NUMBER
Classification number 270.35
Item number ع ل ی
100 ## - MAIN ENTRY--PERSONAL NAME
Personal name عباس محمود الغفار
9 (RLIN) 117788
245 ## - TITLE STATEMENT
Title علی :
Statement of responsibility, etc عباس محمود الغفار
Remainder of title شخصیت اور کردار /
246 ## - VARYING FORM OF TITLE
Title proper/short title Ali : shakhsiyat aur kirdar /
Remainder of title by Abas Mahmood-Ul-Gaffar
260 ## - PUBLICATION, DISTRIBUTION, ETC. (IMPRINT)
Place of publication, distribution, etc لاہور
Name of publisher, distributor, etc ادبستان
Date of publication, distribution, etc 1996
270 ## - ADDRESS
City لاہور
300 ## - PHYSICAL DESCRIPTION
Extent 216p.
Dimensions 21cm(Hb)
650 ## - SUBJECT ADDED ENTRY--TOPICAL TERM
Topical term or geographic name as entry element مذہب -- اسلام
9 (RLIN) 134766
650 ## - SUBJECT ADDED ENTRY--TOPICAL TERM
Topical term or geographic name as entry element سوانح حیات - علی
9 (RLIN) 108494
650 ## - SUBJECT ADDED ENTRY--TOPICAL TERM
Topical term or geographic name as entry element Religion -- Islam
9 (RLIN) 92070
650 ## - SUBJECT ADDED ENTRY--TOPICAL TERM
Topical term or geographic name as entry element Biography -- Ali
9 (RLIN) 134767
942 ## - ADDED ENTRY ELEMENTS (KOHA)
Source of classification or shelving scheme Dewey Decimal Classification
Koha item type Urdu Bks
Classification part 270.35
Call number suffix ع ل ی
Holdings
Withdrawn status Lost status Damaged status Not for loan Home library Current library Date acquired Source of acquisition Cost, normal purchase price Total Checkouts Full call number Barcode Date last seen Copy number Cost, replacement price Price effective from Koha item type
        Central Library Central Library 18/02/2016 Cen Lib/Ret 110.00   270.35 ع ل ی A-854099 18/02/2016 1 110.00 18/02/2016 Urdu Bks

© Delhi Public Library
Hit Counter
free hit counter